| 000 | 00450nab a2200145Ia 4500 | ||
|---|---|---|---|
| 003 | ES-SlBCS | ||
| 005 | 20210601125306.0 | ||
| 008 | 140529s2000 xxu||||| |||| 00| 0 eng d | ||
| 041 | _aeng | ||
| 100 | 1 |
_aYalowitz, Steven _9156382 |
|
| 245 | 0 | 2 |
_aA Dispositional Account of Self-Knowledge _c Steven Yalowitz |
| 650 | 0 | 4 |
_aConocimiento _9113574 |
| 773 | 0 |
_tPhilosophy and Phenomenological Research _gvol. 61, 2000, págs. 249-278 _wRev1411 |
|
| 942 | _cAR | ||
| 999 |
_c527929 _d527929 |
||